| 000 | 00526nam a2200181Ia 4500 | ||
|---|---|---|---|
| 008 | 151202s9999||||xx |||||||||||||| ||und|| | ||
| 082 | _bPNVM-69660 | ||
| 100 | _aPAL RAJENDRA / SURI PREMLATA. | ||
| 245 | _aENGLISH GRAMMAR AND COMPOSITION. | ||
| 260 | _bSULTAN CHAND & SONS. | ||
| 260 | _c69660 | ||
| 300 | _a0 | ||
| 600 | _aPAL RAJENDRA / SURI PREMLATA. | ||
| 630 | _aENGLISH GRAMMAR AND COMPOSITION. | ||
| 700 | _aPAL RAJENDRA / SURI PREMLATA. | ||
| 730 | _aENGLISH GRAMMAR AND COMPOSITION. | ||
| 942 | _cBOOK | ||
| 999 |
_c1336170 _d1336167 |
||